| 000 | 00572nam a2200229Ia 4500 | ||
|---|---|---|---|
| 005 | 20250425162749.0 | ||
| 008 | 250425s9999 xx 000 0 und d | ||
| 041 | _aspa | ||
| 043 | _asp | ||
| 082 | _a621.302 | ||
| 100 | _aDAWES, CHESTER L. | ||
| 245 | 0 | _aTRATADO DE ELECTRICIDAD: CORRIENTE ALTERNA TOMO II | |
| 250 | _a5A ED. | ||
| 260 | _aBARCELONA | ||
| 260 |
_aEspaƱa _bGUSTAVO GILI _c1971 |
||
| 300 | _a735 | ||
| 650 | _aCORRIENTES ALTERNAS | ||
| 650 | _aSISTEMAS ELECTRICOS | ||
| 700 |
_aSANTIAG RUBIO _etraductor |
||
| 942 | _c01 | ||
| 010 | _a106632 | ||
| 999 |
_c235961 _d235961 |
||